LEADER 01036nam a22002651i 4500 001 991000792639707536 005 20021029143120.0 008 021029s1987 it |||||||||||||||||ita 035 $ab12055840-39ule_inst 035 $aARCHE-014564$9ExL 040 $aDip.to Filologia Ling. e Lett.$bita$cA.t.i. Arché s.c.r.l. Pandora Sicilia s.r.l. 082 04$a850.9009 100 1 $aMacchia, Giovanni$0153318 245 14$aGli anni dell'attesa /$cGiovanni Macchia 260 $aMilano :$bAdelphi,$c1987 300 $a235 p. ;$c22 cm 490 0 $aSaggi [Adelphi] ;$v36 650 4$aLetterati italiani$y1910-1960 907 $a.b12055840$b28-04-17$c01-04-03 912 $a991000792639707536 945 $aLE008 FL.M. IV M 21$g1$i2008000149932$lle008$o-$pE0.00$q-$rl$s- $t0$u0$v0$w0$x0$y.i12350709$z01-04-03 945 $aLE008 FL.M. VIII D 65$g2$iLE008N-987$lle008$o-$pE0.00$q-$rl$s- $t0$u0$v0$w0$x0$y.i12350710$z01-04-03 996 $aAnni dell'attesa$9143347 997 $aUNISALENTO 998 $ale008$b01-04-03$cm$da $e-$fita$git $h4$i2 LEADER 00993nam0-22003371i-450- 001 990002039920403321 005 20021010 035 $a000203992 035 $aFED01000203992 035 $a(Aleph)000203992FED01 035 $a000203992 100 $a20021010d--------km-y0itay50------ba 101 0 $aita 200 1 $aHymenoptera Sphecoidea Fabriciana$fJ. van der Vecht 210 $aLeiden$cE.J. Brill$d1961 215 $a82 p.$d25 cm 300 $aestr. da : Zoologische Verhandelingen uttgegeven door het Rijksmuseum van Natuurlijke Histoire te Leiden, N° 48 610 0 $aImenotteri 610 0 $aHymenoptera, Sphecidae 610 0 $aSphecoidea 610 0 $aSphecidae 676 $a595.79 700 1$aVecht,$bJacobus van der$00 801 0$aIT$bUNINA$gRICA$2UNIMARC 901 $aBK 912 $a990002039920403321 952 $a61 V D.6/45$b2502 (9/2/67)$fDAGEN 959 $aDAGEN 996 $aHymenoptera Sphecoidea Fabriciana$9407591 997 $aUNINA DB $aING01 LEADER 03530nam 22006855 450 001 9910484739903321 005 20251230061141.0 010 $a3-319-94782-6 024 7 $a10.1007/978-3-319-94782-2 035 $a(CKB)4100000004836674 035 $a(MiAaPQ)EBC5435828 035 $a(DE-He213)978-3-319-94782-2 035 $a(PPN)229496253 035 $a(EXLCZ)994100000004836674 100 $a20180623d2019 u| 0 101 0 $aeng 135 $aurcnu|||||||| 181 $ctxt$2rdacontent 182 $cc$2rdamedia 183 $acr$2rdacarrier 200 10$aAdvances in Human Factors in Cybersecurity $eProceedings of the AHFE 2018 International Conference on Human Factors in Cybersecurity, July 21-25, 2018, Loews Sapphire Falls Resort at Universal Studios, Orlando, Florida, USA /$fedited by Tareq Z. Ahram, Denise Nicholson 205 $a1st ed. 2019. 210 1$aCham :$cSpringer International Publishing :$cImprint: Springer,$d2019. 215 $a1 online resource (242 pages) 225 1 $aAdvances in Intelligent Systems and Computing,$x2194-5365 ;$v782 311 08$a3-319-94781-8 330 $aThis book reports on the latest research and developments in the field of cybersecurity, particularly focusing on personal security and new methods for reducing human error and increasing cyber awareness, as well as innovative solutions for increasing the security of advanced Information Technology (IT) infrastructures. It covers a broad range of topics, including methods for human training; novel cyber-physical and process-control systems; social, economic, and behavioral aspects of cyberspace; issues concerning the cybersecurity index; security metrics for enterprises; and risk evaluation. Based on the AHFE 2018 International Conference on Human Factors in Cybersecurity, held on July 21?25, 2018, in Orlando, Florida, USA, the book not only presents innovative cybersecurity technologies, but also discusses emerging threats, current gaps in the available systems, and future challenges that can be successfully overcome with the help of human factors research. 410 0$aAdvances in Intelligent Systems and Computing,$x2194-5365 ;$v782 606 $aComputational intelligence 606 $aData protection 606 $aUser interfaces (Computer systems) 606 $aHuman-computer interaction 606 $aInformation technology$xManagement 606 $aComputer crimes 606 $aComputational Intelligence 606 $aData and Information Security 606 $aUser Interfaces and Human Computer Interaction 606 $aBusiness IT Infrastructure 606 $aCybercrime 615 0$aComputational intelligence. 615 0$aData protection. 615 0$aUser interfaces (Computer systems) 615 0$aHuman-computer interaction. 615 0$aInformation technology$xManagement. 615 0$aComputer crimes. 615 14$aComputational Intelligence. 615 24$aData and Information Security. 615 24$aUser Interfaces and Human Computer Interaction. 615 24$aBusiness IT Infrastructure. 615 24$aCybercrime. 676 $a658.4038011 702 $aAhram$b Tareq Z$4edt$4http://id.loc.gov/vocabulary/relators/edt 702 $aNicholson$b Denise$4edt$4http://id.loc.gov/vocabulary/relators/edt 801 0$bMiAaPQ 801 1$bMiAaPQ 801 2$bMiAaPQ 906 $aBOOK 912 $a9910484739903321 996 $aAdvances in Human Factors in Cybersecurity$91540608 997 $aUNINA